Statistics for Mal's Walk the Coast of the Mediterranean & Black Sea from Gibraltar to Ceuta (Spain)

Click here to take the quiz!

General Stats

  • This quiz has been taken 337 times
  • The average score is 27 of 32

Answer Stats

HintAnswer% Correct
Gibraltar N-Spain
100%
N -France
99%
NE -Monaco
95%
E -Italy
93%
NE-France
91%
S -Slovenia
87%
S -Croatia
87%
SE -Bosnia
87%
E -Montenegro
86%
SE -Albania
86%
S -Greece
86%
SE -Turkey
85%
SE -Croatia
83%
NW -Bulgaria
83%
N -Romania
83%
SE -Russia
82%
N -Ukraine
82%
S -Syria
80%
S -Lebanon
80%
S -Israel
80%
SE -Egypt
80%
W -Libya
80%
W -Algeria
80%
SW -Turkey
79%
W -Tunisia
79%
N -Ukraine
78%
SE -Georgia
78%
W -Morocco
78%
NW -Morocco
78%
N -Spain
78%
E -Russia
77%
NW -Spain
77%

Score Distribution

Percentile by Number Answered

Percent of People with Each Score

Your Score History

You have not taken this quiz